| 000 | 00678nam a2200217Ia 4500 | ||
|---|---|---|---|
| 003 | OSt | ||
| 005 | 20220926030657.0 | ||
| 006 | a|||||r|||| 00| 0 | ||
| 007 | ta | ||
| 008 | 220923b |||||||| |||| 00| 0 eng d | ||
| 037 | _cGeneral Book | ||
| 040 |
_aRTL _cRTL _beng |
||
| 041 |
_2eng _aeng |
||
| 082 | _aX(B):326.N71, L1 | ||
| 100 |
_aBLACK Stanley W _9244132 |
||
| 245 | 0 | _aEconometric study of euro-doller borrowing by New York banks and the rate of interest on euro-dollers. | |
| 260 |
_aPrinceton _bUniversity of Princeton _c1971 |
||
| 300 |
_a88p. _ccm. |
||
| 942 |
_hX(B):326.N71, L1 _cGB _2CC |
||
| 999 |
_c650506 _d650506 |
||